| 000 | 00690nab a2200229 a 4500 | ||
|---|---|---|---|
| 001 | 54683 | ||
| 003 | 125351 | ||
| 005 | 20201118103027.0 | ||
| 008 | ||||||n9999 ||| || || | ||
| 041 | _aspa | ||
| 100 | _aValero J., Edgar A. | ||
| 245 | 0 |
_aEl factor laboral en la crisis y el cambio organizativo de cinco empresas industruiales en los 80 : _bpp.72-79 |
|
| 260 |
_aBogotá : _bEAN, _c1996. |
||
| 562 | _e0 | ||
| 650 | _aCOLOMBIA | ||
| 650 | _aEMPRESAS INDUSTRIALES | ||
| 650 | _aGERENCIA DE RECURSOS HUMANOS | ||
| 650 | _aGESTIÓN ADMINISTRATIVA DE PERSONAL | ||
| 650 | _aREFORMA DE LAS EMPRESAS INDUSTRIALES | ||
| 773 |
_054676 _aRevista EAN - No.27 |
||
| 942 | _cSART | ||
| 999 |
_c54683 _d54683 |
||